Skleníky plánovanie-stavba-pestovanie rastlín

Bibliographic Details
Main Author: Pinske, Jörn (Author)
Other Authors: Lučanská, Hana (Translator)
Format: Book
Language:Slovak
PhysicalDescription:104 s. fareb. fotogr., sch. 25 cm
Published: Bratislava Nezávislosť [2000]
ISBN:8085217775
Subjects:

MARC

LEADER 00000nam a2200000 a 4500
001 vtls001387401
003 SK-MaSNL
005 20260317073005.0
008 240314s2000 xo a r slo
015 |a SNBA2000/06-02191 
020 |a 8085217775 
035 |a SNK000341592 
035 |a urn:nbn:sk:snk-amkl05 
035 |a urn:nbn:sk:snk-am0088x2 
035 |a 6D46DCB9-140A-40FC-B698-0BC80E0B7036 
040 |a SNK  |b slo  |c SNK  |e AACR2 
041 0 |a slo 
044 |a xo  |c SK 
080 |a 635:631.23(035)  |2 1981 
080 |a 631.23(035)  |2 1981 
100 1 |a Pinske, Jörn  |4 aut  |9 475673 
240 1 0 |a Gewächshäuser  |l Slovensky 
245 1 0 |a Skleníky  |b plánovanie-stavba-pestovanie rastlín  |c Jörn Pinske ; [z nemeckého originálu preložila Hana Lučanská] 
260 |a Bratislava  |b Nezávislosť  |c [2000] 
300 |a 104 s.  |b fareb. fotogr., sch.  |c 25 cm 
500 |a Fotogr. na tit. strane a front. 
500 |a Údaj o prekl. prevzatý z tiráže 
504 |a Reg. 
650 0 7 |a skleníky  |2 SNKPH  |9 27428 
655 7 |a príručky  |2 SNKPH  |9 74364 
700 1 |a Lučanská, Hana  |4 trl  |9 279457 
919 |a 80-85217-77-5 
958 |a TL 
958 |a OP 
958 |a NS 
958 |a DE 
968 |b DT 
999 |c 809805  |d 811735 
952 |t P60, <03>, [BOOK], {603}  |a SNK  |b SNK  |y PREZ  |7 0  |p 17A0236520  |o snkSC 101429  |i snkKSP 4280/2000  |0 0  |1 0  |4 0  |d 2000-04-26  |f 1  |l 0  |r 2025-09-23 00:00:00  |w 2026-02-24 
952 |t snkPIN 631.23  |a SNKUST  |b SNKUST  |y PREZ  |7 0  |p 17A0236521  |o snkSC 101429 D1  |i snkKSP 4281/2000  |0 0  |1 0  |4 0  |d 2000-04-26  |l 0  |r 2025-04-28 00:00:00  |w 2026-02-24